| 000 | 00528nam a22001577a 4500 | ||
|---|---|---|---|
| 082 |
_a621.31 _bZEE |
||
| 100 |
_aZeeshan Maqbool Danish (362304) _9124866 |
||
| 245 | _aImpact of Political, Institutional and Economic aspects on Renewable Energy Penetration in Asian and Pacific Countries / | ||
| 264 |
_aIslamabad : _bUSPCAS-E, NUST _cApril, 2024. |
||
| 300 |
_axv, 52 p. _e+CD |
||
| 520 | _aTH-574 | ||
| 650 | _aMS EEP Thesis | ||
| 650 |
_aMS Thesis _918721 |
||
| 700 |
_a Dr. Syed Ali Abbas Kazmi _9117439 |
||
| 942 |
_2ddc _cTHE |
||
| 999 |
_c610651 _d610651 |
||